000 00192nam a2200085Ia 4500
008 120527s9999 xx 000 0 und d
100 _aFagin, A. James
245 _aCriminal justice
942 _cBK
999 _c27735
_d27735